LEADER 03512nam 2200649 450 001 9910464079203321 005 20200520144314.0 010 $a0-8018-9998-2 035 $a(CKB)3170000000046932 035 $a(EBL)4398366 035 $a(OCoLC)794700394 035 $a(SSID)ssj0000606080 035 $a(PQKBManifestationID)11376961 035 $a(PQKBTitleCode)TC0000606080 035 $a(PQKBWorkID)10582288 035 $a(PQKB)10380052 035 $a(MiAaPQ)EBC4398366 035 $a(MdBmJHUP)muse1468 035 $a(Au-PeEL)EBL4398366 035 $a(CaPaEBR)ebr11161083 035 $a(EXLCZ)993170000000046932 100 $a20090811d2010 uy| 0 101 0 $aeng 135 $aur|n|---||||| 181 $ctxt 182 $cc 183 $acr 200 10$aRomantic interactions $esocial being and the turns of literary action /$fSusan J. Wolfson 210 1$aBaltimore :$cJohns Hopkins University Press,$d2010. 215 $a1 online resource (400 p.) 300 $aDescription based upon print version of record. 311 $a0-8018-9473-5 311 $a0-8018-9474-3 320 $aIncludes bibliographical references and index. 327 $aContents; List of Illustrations; Acknowledgments; List of Abbreviations; Note on Texts; Introduction. "The will of a social being"; I. Two Women & Poetic Tradition; 1 Charlotte Smith's Emigrants and the Politics of Allusion; Epic Interactions in a Crisis of Sympathy; "tho not on politics on a very popular & interesting subject"; Classing The Emigrants; Gendering War; 2 Mary Wollstonecraft Re:Reading the Poets; What Poetry Makes Happen; All About Eve; or, the Genesis of Feminist Literary Criticism; Wollstonecrafting Poetry; 3 The Poets' "Wollstonecraft" 327 $aII. Gender Interactions, Generative Interactions: Two Wordsworths4 Lyrical Ballads and the Pregnant Words of Men's Passions; Engendering Passion; The Gender of "The Poet"; The Gender of Passion; A Man Speaking; Female Naming; 5 William's Sister: Alternatives of Alter Ego; The "mission with which she was charged"; Wild Girls, Wild Boys; William's "I" and Dorothy's "very words"; 6 Dorothy's Conversation with William; What Makes "a Poet"?; The Poetry That Dorothy Makes; Dorothy Wordsworth's Shadow-Narrative; III. A Public Attraction; 7 Gazing on "Byron": Separation and Fascination 327 $aAn Intense CuriosityThe Separation; Fare thee well!; "Byron" & Byron; Byron by Parody; The Last and Lasting Byron; 8 Byron and the Muse of Female Poetry; She-musing on Byron; The First Female Byron; Marrying Byron; Chosen Ears; Signing on to Byron; Notes; Works Cited; Index; A; B; C; D; E; F; G; H; I; J; K; L; M; N; O; P; Q; R; S; T; U; V; W; Y; Z 606 $aEnglish literature$y19th century$xHistory and criticism 606 $aRomanticism$zGreat Britain 606 $aSocial interaction in literature 606 $aWomen and literature$zEngland$xHistory$y19th century 606 $aGender identity in literature 608 $aElectronic books. 615 0$aEnglish literature$xHistory and criticism. 615 0$aRomanticism 615 0$aSocial interaction in literature. 615 0$aWomen and literature$xHistory 615 0$aGender identity in literature. 676 $a820.9/355 700 $aWolfson$b Susan J.$f1948-$0940785 801 0$bMiAaPQ 801 1$bMiAaPQ 801 2$bMiAaPQ 906 $aBOOK 912 $a9910464079203321 996 $aRomantic interactions$92121534 997 $aUNINA